[Event "GER-ch U10"]
[Site "Willingen"]
[Date "2018.05.22"]
[Round "5"]
[White "Policarpo, Raphael"]
[Black "Costa, Leonardo"]
[Result "0-1"]
[WhiteElo "1487"]
[BlackElo "1811"]
[PlyCount "146"]
[EventDate "2018.05.19"]
[EventType "swiss"]
[EventRounds "11"]
[EventCountry "GER"]
[SourceTitle "CBM 184 Extra"]
[Source "ChessBase"]
[SourceDate "2018.06.28"]
[SourceVersion "1"]
[SourceVersionDate "2018.06.28"]
[SourceQuality "1"]

1. e4 e5 2. Nf3 Nc6 3. Bc4 Bc5 4. c3 Nf6 5. d4 exd4 6. e5 d5 7. Bb5 Ne4 8. cxd4 Bb4+ 9. Nbd2 0-0 10. 0-0 Bg4 11. Bxc6 bxc6 12. Qb3 Rb8 13. Qd3 Nxd2 14. Nxd2 f6 15. f4 fxe5 16. fxe5 Rxf1+ 17. Nxf1 c5 18. a3 Ba5 19. dxc5 c6 20. b4 Bc7 21. Qg3 Be6 22. Bg5 Qd7 23. Rd1 a5 24. Rd4 axb4 25. axb4 Ra8 26. h3 Qf7 27. Nd2 Kh8 28. Nf3 Qg6 29. Kh2 Ra1 30. Qf4 Kg8 31. Be7 Ra8 32. Bd6 Bxd6 33. exd6 Rf8 34. Qg3 Qb1 35. Rf4 Ra8 36. Ne5 Ra1 37. Qf2 Qh1+ 38. Kg3 Ra3+ 39. Rf3 Rxf3+ 40. Qxf3 Qe1+ 41. Kh2 Qxe5+ 42. Qg3 Qxg3+ 43. Kxg3 Bd7 44. Kf4 Kf7 45. Ke5 h6 46. b5 cxb5 47. Kxd5 b4 48. Kc4 Ke6 49. Kxb4 Kd5 50. g4 g6 51. h4 Bc6 52. h5 g5 53. Kc3 Kxc5 54. Kd3 Kxd6 55. Kd4 Bf3 56. Ke3 Bxg4 57. Kf2 Ke5 58. Kg3 Bxh5 59. Kh2 Kf4 60. Kh3 Bg6 61. Kh2 h5 62. Kh3 g4+ 63. Kh4 g3 64. Kh3 Kf3 65. Kh4 g2 66. Kg5 g1Q+ 67. Kf6 Bb1 68. Kf7 Qg6+ 69. Kf8 Qh7 70. Ke8 Qc7 71. Kf8 Qd7 72. Kg8 Qe7 73. Kh8 Qh7# 0-1

[Event "Heusenstamm Sparkassen op-B 4th"]
[Site "Heusenstamm"]
[Date "2017.11.26"]
[Round "6"]
[White "Edenhaeuser, Hermann"]
[Black "Policarpo, Raphael"]
[Result "1-0"]
[WhiteElo "1419"]
[BlackElo "1633"]
[PlyCount "111"]
[EventDate "2017.11.23"]
[EventType "swiss"]
[EventRounds "7"]
[EventCountry "GER"]
[SourceTitle "EXT 2019"]
[Source "ChessBase"]
[SourceDate "2018.10.10"]
[SourceVersion "1"]
[SourceVersionDate "2018.10.10"]
[SourceQuality "1"]

1. e4 c5 2. Nf3 Nc6 3. d4 cxd4 4. Nxd4 e5 5. Nb5 d6 6. N1c3 a6 7. Na3 b5 8. Nd5 Nf6 9. Be3 Nxd5 10. Qxd5 Bb7 11. f3 Qd7 12. Qd2 Be7 13. Be2 0-0 14. Rd1 Kh8 15. 0-0 Rae8 16. c4 b4 17. Nc2 a5 18. c5 Rd8 19. cxd6 Bxd6 20. Kh1 Qe6 21. b3 Bc5 22. Qc1 Bxe3 23. Qxe3 Qe7 24. Bb5 Qc7 25. Qc5 Rc8 26. Rc1 Ne7 27. Qxc7 Rxc7 28. Ne3 Rfc8 29. Rxc7 Rxc7 30. Nc4 f6 31. Nxa5 Bc6 32. Nxc6 Rxc6 33. Bxc6 Nxc6 34. Rc1 Ne7 35. Rc7 Ng8 36. Rb7 g6 37. Rxb4 Kg7 38. a4 Kf7 39. a5 Ne7 40. Rb7 Ke6 41. Rxe7+ Kxe7 42. a6 Kd6 43. a7 Kc7 44. a8Q Kb6 45. Qb8+ Kc5 46. Qf8+ Kd4 47. Qxf6 Ke3 48. Qxe5 h5 49. Qg5+ Ke2 50. e5 Kf2 51. e6 h4 52. Qxh4+ Kf1 53. Qe4 g5 54. e7 g4 55. e8Q gxf3 56. Qe1# 1-0

[Event "Heusenstamm Sparkassen op-B 4th"]
[Site "Heusenstamm"]
[Date "2017.11.25"]
[Round "5"]
[White "Policarpo, Raphael"]
[Black "Eckhoff, Mathias"]
[Result "1/2-1/2"]
[WhiteElo "1633"]
[BlackElo "1393"]
[PlyCount "78"]
[EventDate "2017.11.23"]
[EventType "swiss"]
[EventRounds "7"]
[EventCountry "GER"]
[SourceTitle "EXT 2019"]
[Source "ChessBase"]
[SourceDate "2018.10.10"]
[SourceVersion "1"]
[SourceVersionDate "2018.10.10"]
[SourceQuality "1"]

1. e4 e6 2. d4 d5 3. exd5 exd5 4. c4 dxc4 5. Bxc4 Qe7+ 6. Ne2 Qb4+ 7. Nd2 Nf6 8. Qb3 Qxb3 9. Bxb3 Bd6 10. Nf3 h6 11. Nc3 Nc6 12. Nb5 Bg4 13. Nxd6+ cxd6 14. Be3 Bxf3 15. gxf3 0-0 16. Ke2 Rfe8 17. Kd2 a6 18. Rhg1 Kh8 19. Bxf7 Rf8 20. Be6 Rae8 21. Bg4 Nxg4 22. fxg4 d5 23. b3 g5 24. Rab1 b5 25. b4 Rb8 26. Rgf1 a5 27. a3 axb4 28. axb4 Ra8 29. Kc3 Ra3+ 30. Rb3 Ra4 31. f4 Kg7 32. f5 Kf6 33. h4 Re8 34. hxg5+ hxg5 35. Rf3 Rc8 36. Kb2 Nxb4 37. Rh3 Rc2+ 38. Kb1 Rca2 39. Rxb4 Ra1+ 1/2-1/2

[Event "Wiesbaden op 29th"]
[Site "Wiesbaden"]
[Date "2017.08.27"]
[Round "7"]
[White "Schmitz, Bernhard Hubert"]
[Black "Policarpo, Raphael"]
[Result "0-1"]
[WhiteElo "1394"]
[BlackElo "1635"]
[PlyCount "22"]
[EventDate "2017.08.24"]
[EventType "swiss"]
[EventRounds "7"]
[EventCountry "GER"]
[SourceTitle "CBM 180 Extra"]
[Source "ChessBase"]
[SourceDate "2017.10.06"]
[SourceVersion "1"]
[SourceVersionDate "2017.10.06"]
[SourceQuality "1"]

1. d4 d5 2. c4 e6 3. Nc3 Nf6 4. Nf3 c5 5. Bf4 Nc6 6. Qd2 Ne4 7. Nxe4 dxe4 8. d5 exf3 9. dxc6 Qxd2+ 10. Kxd2 fxe2 11. c7 exf1N+ 0-1

[Event "Rhein Main op-B 20th"]
[Site "Bad Homburg"]
[Date "2017.06.18"]
[Round "7"]
[White "Meier, Juergen"]
[Black "Policarpo, Raphael"]
[Result "1-0"]
[WhiteElo "1671"]
[BlackElo "1311"]
[PlyCount "121"]
[EventDate "2017.06.14"]
[EventType "swiss"]
[EventRounds "7"]
[EventCountry "GER"]
[SourceTitle "EXT 2018"]
[Source "ChessBase"]
[SourceDate "2017.10.13"]
[SourceVersion "1"]
[SourceVersionDate "2017.10.13"]
[SourceQuality "1"]

1. e4 c5 2. c3 e5 3. Bc4 Qg5 4. Qf3 Nf6 5. Ne2 d6 6. d3 Qg6 7. h3 Nc6 8. a4 Be7 9. 0-0 0-0 10. Na3 Be6 11. Ng3 Na5 12. Nf5 Bxf5 13. exf5 Qh5 14. Qxh5 Nxh5 15. Bd5 Nf6 16. Bf3 Nb3 17. Rb1 Nxc1 18. Rfxc1 Rab8 19. g4 b6 20. Nc4 Rfd8 21. Kg2 a5 22. Kg3 h6 23. Re1 Bf8 24. Bh1 g5 25. fxg6 fxg6 26. Bc6 g5 27. Rh1 Rbc8 28. Bf3 Rb8 29. h4 Bg7 30. hxg5 hxg5 31. Ne3 Kf7 32. Bd5+ Nxd5 33. Nxd5 Bf6 34. c4 Rg8 35. Rh7+ Rg7 36. Rbh1 Bd8 37. Rh8 Rg8 38. Rxg8 Kxg8 39. Rh6 Kf7 40. Rxd6 Kg7 41. Kf3 Kf7 42. Ke4 Be7 43. Rd7 Re8 44. Rxe7+ Rxe7 45. Nxe7 Kxe7 46. Kxe5 b5 47. axb5 a4 48. Kd5 a3 49. bxa3 Kd7 50. b6 Kd8 51. Kc6 Kc8 52. b7+ Kd8 53. Kd6 Ke8 54. b8Q+ Kf7 55. Qc7+ Kf6 56. Qe7+ Kg6 57. Ke6 Kh6 58. Qf6+ Kh7 59. Qxg5 Kh8 60. Kf6 Kh7 61. Qg7# 1-0

[Event "Heusenstamm Sparkassen op U14 3rd"]
[Site "Heusenstamm"]
[Date "2016.11.27"]
[Round "1"]
[White "Negru, Jan"]
[Black "Policarpo, Raphael"]
[Result "0-1"]
[WhiteElo "881"]
[BlackElo "1273"]
[PlyCount "116"]
[EventDate "2016.11.27"]
[EventType "swiss"]
[EventRounds "5"]
[EventCountry "GER"]
[SourceTitle "EXT 2018"]
[Source "ChessBase"]
[SourceDate "2017.10.13"]
[SourceVersion "1"]
[SourceVersionDate "2017.10.13"]
[SourceQuality "1"]

1. e4 c5 2. Nc3 Nc6 3. Bc4 Nf6 4. Nf3 d6 5. Ng5 e6 6. d3 h6 7. Nf3 e5 8. Be3 Bg4 9. h3 Bh5 10. g4 Bg6 11. Qd2 Be7 12. 0-0-0 0-0 13. g5 hxg5 14. Nxg5 a6 15. Qe1 b5 16. Bb3 b4 17. Na4 Na5 18. Bc4 Nxc4 19. dxc4 Nxe4 20. Nxe4 Bxe4 21. Rg1 Bg6 22. Qd2 Qa5 23. b3 Rfd8 24. Bh6 gxh6 25. Qxh6 Bf8 26. Rxg6+ fxg6 27. Qxg6+ Bg7 28. Qe6+ Kh8 29. Rg1 Qc7 30. Rg5 Rd7 31. Rh5+ Bh6+ 32. Rxh6+ Rh7 33. Qf6+ Qg7 34. Rxh7+ Kxh7 35. Qxd6 Qh6+ 36. Qxh6+ Kxh6 37. Nxc5 Rf8 38. Nxa6 Rxf2 39. Nxb4 e4 40. c5 e3 41. Nd3 Rf6 42. Ne5 Rf1+ 43. Kb2 e2 44. Nd3 Rd1 45. Nf2 Rd8 46. Nd3 Rxd3 47. cxd3 e1Q 48. Ka3 Qa5+ 49. Kb2 Qxc5 50. a4 Kh5 51. d4 Qxd4+ 52. Ka3 Qc5+ 53. Kb2 Kh4 54. Ka2 Kxh3 55. Kb2 Kg2 56. a5 Qxa5 57. Kc2 Kf3 58. Kd3 Qc5 0-1

[Event "Heusenstamm Sparkassen op U14 3rd"]
[Site "Heusenstamm"]
[Date "2016.11.27"]
[Round "2"]
[White "Policarpo, Raphael"]
[Black "Toepfer, Tim"]
[Result "1-0"]
[WhiteElo "1273"]
[BlackElo "991"]
[PlyCount "89"]
[EventDate "2016.11.27"]
[EventType "swiss"]
[EventRounds "5"]
[EventCountry "GER"]
[SourceTitle "EXT 2018"]
[Source "ChessBase"]
[SourceDate "2017.10.13"]
[SourceVersion "1"]
[SourceVersionDate "2017.10.13"]
[SourceQuality "1"]

1. e4 e5 2. Nf3 Nc6 3. Bb5 Bc5 4. 0-0 d6 5. c3 Nf6 6. d4 Bb6 7. d5 Bd7 8. dxc6 bxc6 9. Bd3 d5 10. Nxe5 dxe4 11. Nxd7 Qxd7 12. Bc2 Rd8 13. Qxd7+ Rxd7 14. Be3 0-0 15. Na3 Rb8 16. Bxb6 axb6 17. Rad1 Rbd8 18. Rxd7 Rxd7 19. Rd1 Rxd1+ 20. Bxd1 Nd5 21. Nc4 f6 22. Ne3 Nxe3 23. fxe3 g5 24. Bg4 Kg7 25. Bf5 h5 26. Bxe4 c5 27. Kf2 Kh6 28. b4 cxb4 29. cxb4 c5 30. bxc5 bxc5 31. a4 g4 32. a5 Kg5 33. a6 f5 34. Bd5 f4 35. exf4+ Kxf4 36. a7 Ke5 37. a8Q Kf4 38. Qb8+ Kf5 39. Ke3 h4 40. Qd6 g3 41. hxg3 hxg3 42. Qe6+ Kg5 43. Be4 Kh5 44. Qf6 Kg4 45. Bf3# 1-0